Language Quiz

Random Language or Food Quiz

Spanish Adjectives for Food Quiz Stats

 Plays Quiz not verified by Sporcle

Support Sporcle.
Go Orange.
Score 0/5 Timer 04:00
0 Plays Today
% Correct
dulce
62.5%
picante
45.8%
caliente
37.5%
deliciouso, sambroso
0%
tibia
0%

You're not logged in!

Compare scores with friends on all Sporcle quizzes.
OR
Log In

From the Vault

Over/Under: 35 HRs in a Season

by JayHallahan

Sometimes we remember baseball just a little bit different than it actually happened. It's probably a coping mechanism.
Remove Ads.
Support Sporcle.
Get the best of Sporcle when you Go Orange. This ad-free experience offers more features, more stats, and more fun while also helping to support Sporcle. Thank you for becoming a member.

Show Comments

Extras

Top Quizzes Today


Score Distribution

Your Account Isn't Verified!

In order to create a playlist on Sporcle, you need to verify the email address you used during registration. Go to your Sporcle Settings to finish the process.

Report this User

Report this user for behavior that violates our Community Guidelines.

Details: